Year of the Four Emperors and Flavian dynasty - Statistics

General Stats
  • This quiz has been taken 10 times
  • The average score is 5 of 6
Answer Stats
Reign Emperor % Correct
69-79 Vespasian
100%
68-69 Galba
90%
69 Otho
90%
79-81 Titus
90%
81-96 Domitian
80%
69 Vitellius
80%
No matching quizzes found
Score Distribution
Percent of People with Each Score
Percentile by Number Answered
Your Score History
You have not taken this quiz